000 01147 a2200217 4500
001 62922
005 20260407155923.0
008 260407a2001 arg spa d
003 AR-UNSa-BCEJYS
040 _aAR-UNSa-BCEJYS
_bspa
_cAR-UNSa-BCEJYS
080 _a304.4
_xAspectos generales de las políticas y prácticas sociales y culturales (política social)
245 1 0 _aGestión pública y desarrollo social en los noventa
_pLas trayectorias de Argentina y Chile
020 _a978-950-9217-20-1
264 1 _aBuenos Aires :
_bPrometeo Libros
_c2001
300 _a334 p.
_c20 cm.
505 _a 1. Hacia un enfoque político-institucional para el análisis de la gestión pública - 2. Dinámica política y cambios socioeconómicos en Argentina – 3. Reformas estructurales y políticas públicas: similitudes y diferencias entre Argentina y Chile – 4. Argentina en los noventa: límites y problemas para enfrentar la pobreza – 5. Chile en los noventa: el difícil avance hacia una apropiada política frente a la pobreza -
041 _aspa
942 _cBK
590 _aniveau_biblio:m niveau_hierar:0
100 1 _aRepetto, Fabián
999 _c7869
_d7869